000
00256nam a2200121Ia 4500
008
220216s9999 xx 000 0 und d
100
_a
Vijayan K
245
0
_a
Chain saw
260
_b
Rubber
_c
2020
300
_a
26-29
650
_a
Chain saw
942
_c
JS
999
_c
55280
_d
55280